Đang tải...

Phonemic reconstruction of Tamil, Malayalam, Kanikkars, Kannada and Telugu

Chi tiết về thư mục
Tác giả chính: Indira, R.
Định dạng: Ph.D Thesis
Được phát hành: Trivandrum Dept. of Linguistics, University of Kerala 1972
Những chủ đề:
LEADER 00579nam a2200181 4500
020
082
100 |a Indira, R. 
245 |a Phonemic reconstruction of Tamil, Malayalam, Kanikkars, Kannada and Telugu  |h English 
250
260 |a Trivandrum  |b Dept. of Linguistics, University of Kerala  |c 1972 
300 |a 110 P  |f Book 
500 |a MA 
650 |a Phonemic reconstruction of Tamil, Malayalam, Kanikkars, Kannada and Telugu 
700
942 |c THES 
999 |c 270339  |d 270339 
952 |0 0  |1 0  |4 0  |7 0  |9 287056  |a LIN  |b LIN  |d 2008-11-12  |l 0  |p LINTT47  |r 2020-02-06  |w 2020-02-06  |y THES